000 00967nam a2200253Ia 4500
003 OSt
005 20221002050339.0
006 a|||||r|||| 00| 0
007 ta
008 220930b |||||||| |||| 00| 0 hin d
020 _a9789381582473 (hbk)
_c3390
024 _a6482
037 _b148, 29/08/2013, Swaraj Prakashan
_cReference Collections
040 _aCRL
_cCRL
_bhin
041 _2hin
_ahin
082 _aP168:4k, 152Q3(RR)
100 _aउस्मानी, सज्जाद, संपा.
245 0 _aउर्दू हिन्दी अंग्रेजी शब्दकोश
260 _aदिल्ली
_b स्वराज प्रकाशन
_c2013
300 _a795पृ0
_ccm.
650 _aहिन्दी भाषा
942 _hP168:4k, 152Q3(RR)
_cref
_2CC
999 _c914394
_d914394